LEADER 04948nam 2200997 450 001 9910817325303321 005 20230807210526.0 010 $a0-520-28676-6 010 $a0-520-96048-3 024 7 $a10.1525/9780520960480 035 $a(CKB)2670000000617868 035 $a(EBL)1882078 035 $a(SSID)ssj0001482820 035 $a(PQKBManifestationID)12562774 035 $a(PQKBTitleCode)TC0001482820 035 $a(PQKBWorkID)11422505 035 $a(PQKB)11784020 035 $a(DE-B1597)519320 035 $a(OCoLC)1091279197 035 $a(DE-B1597)9780520960480 035 $a(MiAaPQ)EBC1882078 035 $a(Au-PeEL)EBL1882078 035 $a(CaPaEBR)ebr11059023 035 $a(CaONFJC)MIL788445 035 $a(OCoLC)910159975 035 $a(EXLCZ)992670000000617868 100 $a20150611h20152015 uy 0 101 0 $aeng 135 $aur|nu---|u|uu 181 $ctxt 182 $cc 183 $acr 200 14$aThe scholar denied $eW.E.B. Du Bois and the birth of modern sociology /$fAldon D. Morris 210 1$aOakland, California :$cUniversity of California Press,$d2015. 210 4$d©2015 215 $a1 online resource (818 p.) 225 0 $aA Naomi Schneider Book 300 $aDescription based upon print version of record. 311 0 $a0-520-27635-3 311 0 $a0-520-96048-3 320 $aIncludes bibliographical references and index. 327 $tFront matter --$tContents --$tPreface --$tAcknowledgments --$tIntroduction: Race and the Birth of American Sociology --$tChapter 1. The Rise of Scientific Sociology in America --$tChapter 2. Du Bois, Scientific Sociology, and Race --$tChapter 3. The Du Bois-Atlanta School of Sociology --$tChapter 4. The Conservative Alliance of Washington and Park --$tChapter 5. The Sociology of Black America: Park versus Du Bois --$tChapter 6. Max Weber Meets Du Bois --$tChapter 7. Intellectual Schools and the Atlanta School --$tChapter 8. Legacies and Conclusions --$tNotes --$tReferences --$tIllustration Credits --$tIndex 330 $aIn this groundbreaking book, Aldon D. Morris's ambition is truly monumental: to help rewrite the history of sociology and to acknowledge the primacy of W. E. B. Du Bois's work in the founding of the discipline. Calling into question the prevailing narrative of how sociology developed, Morris, a major scholar of social movements, probes the way in which the history of the discipline has traditionally given credit to Robert E. Park at the University of Chicago, who worked with the conservative black leader Booker T. Washington to render Du Bois invisible. Morris uncovers the seminal theoretical work of Du Bois in developing a "scientific" sociology through a variety of methodologies and examines how the leading scholars of the day disparaged and ignored Du Bois's work. The Scholar Denied is based on extensive, rigorous primary source research; the book is the result of a decade of research, writing, and revision. In exposing the economic and political factors that marginalized the contributions of Du Bois and enabled Park and his colleagues to be recognized as the "fathers" of the discipline, Morris delivers a wholly new narrative of American intellectual and social history that places one of America's key intellectuals, W. E. B. Du Bois, at its center. The Scholar Denied is a must-read for anyone interested in American history, racial inequality, and the academy. In challenging our understanding of the past, the book promises to engender debate and discussion.   606 $aSociology$zUnited States$xHistory 606 $aSociologists$zUnited States 610 $aafrican american history. 610 $aamerican history. 610 $aamerican intellectual history. 610 $aamerican social history. 610 $aamerican sociology. 610 $aamerican studies. 610 $aatlanta university. 610 $ablack elite. 610 $abooker t washington. 610 $acareer. 610 $acivil rights activist. 610 $acultural studies. 610 $adu bois. 610 $afounding of sociology. 610 $ahistory of sociology. 610 $ahistory. 610 $amarginalized. 610 $anaacp. 610 $aniagara movement. 610 $aracial inequality. 610 $aracial uplift. 610 $aracism. 610 $arobert e park. 610 $ascientific sociology. 610 $asocial movements. 610 $asociology. 610 $atalented tenth. 610 $auniversity of chicago. 610 $aweb du bois. 615 0$aSociology$xHistory. 615 0$aSociologists 676 $a301.092 686 $aHU 3535$2rvk 700 $aMorris$b Aldon D.$0498352 801 0$bMiAaPQ 801 1$bMiAaPQ 801 2$bMiAaPQ 906 $aBOOK 912 $a9910817325303321 996 $aThe scholar denied$94045715 997 $aUNINA LEADER 05505nam 22006735 450 001 9910502647503321 005 20260218145250.0 010 $a3-030-73555-9 024 7 $a10.1007/978-3-030-73555-5 035 $a(CKB)5360000000050031 035 $a(MiAaPQ)EBC6742811 035 $a(Au-PeEL)EBL6742811 035 $a(OCoLC)1273916125 035 $a(PPN)258301090 035 $a(BIP)81796456 035 $a(BIP)79431563 035 $a(DE-He213)978-3-030-73555-5 035 $a(EXLCZ)995360000000050031 100 $a20211004d2021 u| 0 101 0 $aeng 135 $aurcnu|||||||| 181 $ctxt$2rdacontent 182 $cc$2rdamedia 183 $acr$2rdacarrier 200 10$aMusculoskeletal Ultrasound in Rheumatology Review /$fedited by Minna J. Kohler 205 $a2nd ed. 2021. 210 1$aCham :$cSpringer International Publishing :$cImprint: Springer,$d2021. 215 $a1 online resource (571 pages) 311 08$a3-030-73554-0 327 $aPart 1. Fundamentals of Musculoskeletal Ultrasound -- Chapter 1: Introduction: Musculoskeletal Ultrasound Indications and Fundamentals -- Chapter 2: Basic Sonopathology and Implementing Musculoskeletal Ultrasound into Clinical Practice -- Chapter 3: Ultrasound of the Hand and Wrist -- Chapter 4: Ultrasound of the Elbow -- Chapter 5: Ultrasound of the Shoulder -- Chapter 6: Ultrasound of the Hip -- Chapter 7: Ultrasound of the Knee -- Chapter 8: Ultrasound of the Ankle and Foot -- Chapter 9: Ultrasound-Guided Injections -- Chapter 10: Pediatric Musculoskeletal Ultrasonography -- Part II. Rheumatic Diseases -- Chapter 11: Ultrasound in Rheumatoid Arthritis -- Chapter 12: Use of Ultrasound in Psoriatic Arthritis -- Chapter 13: Ultrasound in Crystalline Diseases: Gout and calcium associated arthritis -- Chapter 14: Ultrasound in Osteoarthritis -- Chapter 15: Ultrasound in Systemic Sclerosis and Systemic Lupus Erythematosus -- Part III. Beyond Musculoskeletal Ultrasound -- Chapter 16: Ultrasound in Vasculitis -- Chapter 17: Salivary Gland Ultrasound for Sjogren?s Syndrome -- Chapter 18: Lung Ultrasound for Rheumatic Diseases -- Chapter 19: Advanced Ultrasound Applications: Elastography and Contrast-enhanced Ultrasound. 330 $aPoint-of care ultrasound, or ultrasound performed and interpreted by the clinical in the clinic/office or at the bedside, has been rapidly expanding in use among multiple medical specialties. Musculoskeletal ultrasound has added value to clinical care to expedite diagnoses by visualizing mechanical versus inflammatory features and correlating these findings with patient?s symptoms. The use of power Doppler to assess for subclinical inflammation or active hyperemia has been a distinguishing use of ultrasound for rheumatologists. Accurate needle guidance with ultrasound for joint and tendon procedures has allowed expansion of procedures in the clinic and has been associated with less pain and precise targeting of affected structures. Musculoskeletal ultrasound education is now offered in nearly all rheumatology fellowship training programs in the United States and is also included in residency training in other specialties (e.g. physical medicine and rehabilitation, orthopedics, podiatry, emergency medicine, and family medicine). Since the publication of the first edition of Musculoskeletal Ultrasound in Rheumatology Review, there has been tremendous growth of musculoskeletal ultrasound in the field of rheumatology as well as other musculoskeletal specialties. The expanded second edition of this practical guide provides an updated clinical review of diagnostic and interventional applications of musculoskeletal ultrasound in rheumatology. New and revised chapters focus on the use of ultrasound in the diagnosis of specific rheumatic diseases such as osteoarthritis, scleroderma, psoriatic arthritis, gout, and lupus. Each chapter covers a standardized protocol of joint images with probe placement and includes numerous examples of common ultrasound pathologies. Study tools such as key-concept overviews, lists of important studies in the field, and extensive questions for self-assessment are included throughout. Written by current experts and thought leaders in the rapidly advancing field of rheumatology ultrasound, the second edition of Musculoskeletal Ultrasound in Rheumatology Review is an essential reference for physicians and related professionals, residents, fellows, graduate students and nurses in rheumatology, imaging and radiology, sports medicine, internal medicine, and physiotherapy. 606 $aInternal medicine 606 $aUltrasonics 606 $aSports medicine 606 $aInternal Medicine 606 $aUltrasonics 606 $aSports Medicine 606 $aMalalties de l'aparell locomotor$2thub 606 $aUltrasons en medicina$2thub 606 $aReumatologia$2thub 608 $aLlibres electrònics$2thub 615 0$aInternal medicine. 615 0$aUltrasonics. 615 0$aSports medicine. 615 14$aInternal Medicine. 615 24$aUltrasonics. 615 24$aSports Medicine. 615 7$aMalalties de l'aparell locomotor 615 7$aUltrasons en medicina 615 7$aReumatologia 676 $a616.723 702 $aKohler$b Minna J. 801 0$bMiAaPQ 801 1$bMiAaPQ 801 2$bMiAaPQ 906 $aBOOK 912 $a9910502647503321 996 $aMusculoskeletal Ultrasound in Rheumatology Review$92568229 997 $aUNINA